[Event "HUN-chT U18"]
[Site "Budapest"]
[Date "2015.08.30"]
[Round "8.41"]
[White "Majnay, Peter"]
[Black "Dibusz, Domonkos"]
[Result "0-1"]
[WhiteElo "1799"]
[BlackElo "1684"]
[PlyCount "77"]
[EventDate "2015.08.26"]
[EventType "team-swiss"]
[EventRounds "8"]
[EventCountry "HUN"]
[SourceTitle "EXT 2016"]
[Source "ChessBase"]
[SourceDate "2015.10.08"]
[SourceVersion "1"]
[SourceVersionDate "2015.10.08"]
[SourceQuality "1"]

1. e4 e5 2. Nf3 Nc6 3. Bb5 a6 4. Ba4 Nf6 5. 0-0 Be7 6. Re1 b5 7. Bb3 d6 8. c3 0-0 9. h3 Na5 10. Bc2 c5 11. d4 Nd7 12. d5 Nb6 13. Nbd2 Bd7 14. Nf1 Nb7 15. Ng3 g6 16. Bh6 Re8 17. b3 Qc7 18. Qd2 f6 19. h4 Kf7 20. Nh2 Rg8 21. f4 Ke8 22. Rf1 Kd8 23. Bd1 a5 24. Ng4 f5 25. Ne3 Bxh4 26. Rf3 exf4 27. Bxf4 g5 28. Nexf5 gxf4 29. Nxh4 fxg3 30. Rf7 c4 31. Rxh7 Qc5+ 32. Kh1 Qf2 33. Be2 Nc5 34. Qc2 Qe3 35. Bf3 Nd3 36. Rb1 cxb3 37. Qxb3 Nf2+ 38. Kg1 Nh3+ 39. Kf1 0-1

[Event "HUN-chT U18"]
[Site "Budapest"]
[Date "2015.08.29"]
[Round "6.35"]
[White "Dibusz, Domonkos"]
[Black "Egyed, Judit"]
[Result "0-1"]
[WhiteElo "1684"]
[BlackElo "1981"]
[PlyCount "82"]
[EventDate "2015.08.26"]
[EventType "team-swiss"]
[EventRounds "8"]
[EventCountry "HUN"]
[SourceTitle "EXT 2016"]
[Source "ChessBase"]
[SourceDate "2015.10.08"]
[SourceVersion "1"]
[SourceVersionDate "2015.10.08"]
[SourceQuality "1"]

1. e4 c5 2. Nf3 d6 3. d4 cxd4 4. Nxd4 Nf6 5. Nc3 a6 6. Be3 e5 7. Nb3 Be6 8. h3 Be7 9. f4 exf4 10. Bxf4 Nc6 11. Qe2 Ne5 12. 0-0-0 Qc7 13. Bxe5 dxe5 14. g4 h6 15. Kb1 b5 16. Bg2 Bc4 17. Qf2 a5 18. Nd5 Bxd5 19. exd5 Bd6 20. Qe2 0-0 21. h4 a4 22. g5 axb3 23. gxf6 bxc2+ 24. Qxc2 Qxc2+ 25. Kxc2 Rxa2 26. Be4 Rc8+ 27. Kb1 Rca8 28. Kc2 gxf6 29. Rhf1 Kg7 30. h5 Ba3 31. Rb1 Bc5 32. Bd3 Bd4 33. Rf3 Kf8 34. Be4 R8a6 35. Rb3 Rb6 36. Bd3 b4 37. Rf1 Ke7 38. Kb1 Ra8 39. Be4 Rg8 40. Rc1 Rg4 41. Bf3 Rg3 0-1